Skoki Narciarskie - Medaliści IO z Norwegii - Statystyki

Ogólne statystyki
  • Ten quiz został rozwiązany 66 razy
    31 od ostatniego zresetowania
  • Średni wynik to 8 z 14
Statystyki odpowiedzi
Z S B Skoczek % Poprawnych
1x 1x 1x Johann Andre Forfang
96%
1x 1x - Marius Lindvik
91%
- - 2x Anders Bardal
78%
1x - 2x Robert Johansson
78%
1x - - Daniel-Andre Tande
74%
- 1x 1x Kristoffer Eriksen Sundal
70%
- - 1x Anders Jacobsen
57%
1x - - Andreas Stjernen
57%
- - 2x Roar Ljokelsoy
57%
1x - 2x Lars Bystol
39%
- - 1x Tom Hilde
39%
- - 1x Bjorn Einar Romoren
30%
- - 1x Johan Remen Evensen
22%
- - 1x Tommy Ingebrigtsen
17%
Nie znaleziono quizów pasujących do podanych kryteriów
Rozkład punktacji
Procent ludzi z każdym wynikiem
Percentyl według liczby udzielonych odpowiedzi
Twoja historia wyników
Nie rozwiązałeś tego quizu od ostatniego zresetowania